Normal view
MARC view
Entry Personal Name
001 - CONTROL NUMBER
- control field: 5606
003 - CONTROL NUMBER IDENTIFIER
- control field: AM-YEHGA
005 - DATE AND TIME OF LATEST TRANSACTION
- control field: 20250617070500.0
008 - FIXED-LENGTH DATA ELEMENTS
- fixed length control field: 140610|| aca||aabn | a|a d
040 ## - CATALOGING SOURCE
- Original cataloging agency: AM-YEHGA
100 1# - HEADING--PERSONAL NAME
- Personal name: Նուպարեան, Մեսրոպ,
- Dates associated with a name: 1843-1929
374 ## - OCCUPATION
- Occupation: Թարգմանիչ
- Occupation: Բառարանագիր
670 ## - SOURCE DATA FOUND
- Source citation: Work cat.: (AM-YeNLA)56096: Բեռո, Շ. 15295, Բեռոյի մանկավէպեր /, 1925.
670 ## - SOURCE DATA FOUND
- Source citation: Բառարան ֆրանսերէնէ հայերէն=Dictionnaire français-armenian.- Պեյրութ, 1984.
- Information found: տիտղթ. (Նուպարեան Մեսրոպ)
ՀՀ Գիտությունների ազգային ակադեմիայի հիմնարար գիտական գրադարան = Fundamental Scientific Library of NAS RA
All site content, except where otherwise noted, is licensed under a